<?xml version="1.0" encoding="UTF-8"?>
<record
    xmlns:xsi="http://www.w3.org/2001/XMLSchema-instance"
    xsi:schemaLocation="http://www.loc.gov/MARC21/slim http://www.loc.gov/standards/marcxml/schema/MARC21slim.xsd"
    xmlns="http://www.loc.gov/MARC21/slim">

  <leader>00946nam a22002537a 4500</leader>
  <controlfield tag="005">20251006144121.0</controlfield>
  <datafield tag="010" ind1=" " ind2=" ">
    <subfield code="a">ENG-146939</subfield>
  </datafield>
  <datafield tag="020" ind1=" " ind2=" ">
    <subfield code="a">9789364440844</subfield>
    <subfield code="c">2395.00</subfield>
  </datafield>
  <datafield tag="035" ind1=" " ind2=" ">
    <subfield code="a">EN-130471</subfield>
  </datafield>
  <datafield tag="037" ind1=" " ind2=" ">
    <subfield code="a">DELIVERY BOOK AND DIVISION</subfield>
  </datafield>
  <datafield tag="082" ind1=" " ind2=" ">
    <subfield code="a">612.22</subfield>
    <subfield code="2">27</subfield>
  </datafield>
  <datafield tag="100" ind1=" " ind2=" ">
    <subfield code="a">Barrett, Kim E.</subfield>
    <subfield code="9">85363</subfield>
  </datafield>
  <datafield tag="245" ind1=" " ind2=" ">
    <subfield code="a">Ganong's Review of Medical Physiology</subfield>
    <subfield code="c">By Kim E. Barrent...[et,al]</subfield>
  </datafield>
  <datafield tag="250" ind1=" " ind2=" ">
    <subfield code="a">27</subfield>
  </datafield>
  <datafield tag="260" ind1=" " ind2=" ">
    <subfield code="a">Chennai</subfield>
    <subfield code="b">McGraw Hill Education</subfield>
    <subfield code="c">2025</subfield>
  </datafield>
  <datafield tag="270" ind1=" " ind2=" ">
    <subfield code="a">Anjana Complex No: 5/90 A, butt Road, St. Thomas Mount, Chennai, Tamil Nadu, India, </subfield>
    <subfield code="b">Chennai</subfield>
    <subfield code="m">professional_india@mheducation.com</subfield>
    <subfield code="e">600016</subfield>
  </datafield>
  <datafield tag="300" ind1=" " ind2=" ">
    <subfield code="a">ix,770p.</subfield>
    <subfield code="c">27cm(pb)</subfield>
    <subfield code="b">Index</subfield>
  </datafield>
  <datafield tag="500" ind1=" " ind2=" ">
    <subfield code="a">Includes Indian physiology Competencies</subfield>
  </datafield>
  <datafield tag="700" ind1=" " ind2=" ">
    <subfield code="a">Barman Susan M.</subfield>
    <subfield code="e">Author</subfield>
    <subfield code="9">85364</subfield>
  </datafield>
  <datafield tag="700" ind1=" " ind2=" ">
    <subfield code="a">Brooks Heddwen L.</subfield>
    <subfield code="e">Author</subfield>
    <subfield code="9">85365</subfield>
  </datafield>
  <datafield tag="700" ind1=" " ind2=" ">
    <subfield code="a">Yuan Jason X.-.J</subfield>
    <subfield code="e">Author</subfield>
    <subfield code="9">85366</subfield>
  </datafield>
  <datafield tag="700" ind1=" " ind2=" ">
    <subfield code="a">Bhagat anumeha</subfield>
    <subfield code="e">Editor</subfield>
    <subfield code="9">85367</subfield>
  </datafield>
  <datafield tag="942" ind1=" " ind2=" ">
    <subfield code="2">ddc</subfield>
    <subfield code="c">EN</subfield>
    <subfield code="h">612.22</subfield>
    <subfield code="m">Bar</subfield>
    <subfield code="e">27</subfield>
  </datafield>
  <datafield tag="999" ind1=" " ind2=" ">
    <subfield code="c">213566</subfield>
    <subfield code="d">213566</subfield>
  </datafield>
  <datafield tag="952" ind1=" " ind2=" ">
    <subfield code="0">0</subfield>
    <subfield code="1">0</subfield>
    <subfield code="4">0</subfield>
    <subfield code="7">1</subfield>
    <subfield code="a">DBAD</subfield>
    <subfield code="b">DBAD</subfield>
    <subfield code="d">2025-10-06</subfield>
    <subfield code="e">Delivery of Books Act Division</subfield>
    <subfield code="g">2395.00</subfield>
    <subfield code="l">0</subfield>
    <subfield code="o">612.22 BAR</subfield>
    <subfield code="p">EN-130471</subfield>
    <subfield code="r">2025-10-06 00:00:00</subfield>
    <subfield code="t">1</subfield>
    <subfield code="v">2395.00</subfield>
    <subfield code="w">2025-10-06</subfield>
    <subfield code="y">EN</subfield>
  </datafield>
</record>
